000 00630nam a2200217Ia 4500
001 18439
003 GE_BSU
008 181216s||||||||xx |||||||||||||| ||und||
020 _a9780415584470
040 _cGE_BSU
080 _a371.2
245 4 _aThe marketisation of Higher Education and the Student as Consumer
245 _cEdited by mike Molesworth, Richard Scullion and Elizabeth Nixon
260 _aLondon
260 _bRoutledge
260 _c2011
300 _a248p. 24cm.
653 _aThe marketisation of Higher Education and the Student as Consumer
653 _aპედაგოგიკა
942 _cBK
999 _c51453
_d51453